| 000 | 00547nam a2200193Ia 4500 | ||
|---|---|---|---|
| 003 | GCL | ||
| 008 | 140319s9999 xx 000 0 ara d | ||
| 040 |
_aGCL / _cGCL |
||
| 082 | 0 | 4 |
_a245 _bا م |
| 100 | 1 | _aاحمد فهمى محمد | |
| 245 | 1 | 0 |
_aالملل والنحل / _cاحمد فهمى محمد |
| 700 | 1 | _aابى الفتح محمد بن عبدالكريم | |
| 490 | _a | ||
| 650 | 0 | 4 | _aالاسلام |
| 650 | 0 | 4 | _aالعقائد الاسلامية |
| 650 | 0 | 4 | _aالسلام |
| 650 | 0 | 4 | _aعلم الكلام |
| 942 |
_2ddc _cBK |
||
| 999 |
_c39170 _d39170 |
||